Грузинская лира (Запись № 7499556)

Подробности
000 -МАРКЕР
контрольное поле 01591nam0a22002771 4500
001 - ИДЕНТИФИКАТОР ЗАПИСИ
контрольное поле rc\2129046
005 - ИДЕНТИФИКАТОР ВЕРСИИ
контрольное поле 20190911162848.0
035 ## - ДРУГИЕ СИСТЕМНЫЕ НОМЕРА
Идентификатор записи (NLR Aleph) 006625930
100 ## - ДАННЫЕ ОБЩЕЙ ОБРАБОТКИ
Данные общей обработки 20110829d1978 |||y0rusy50 ca
101 1# - ЯЗЫК РЕСУРСА
Язык текста, звукозаписи и т.д. русский
Язык оригинала грузинский
102 ## - СТРАНА ПУБЛИКАЦИИ ИЛИ ПРОИЗВОДСТВА
Страна публикации Российская Федерация
105 ## - ПОЛЕ КОДИРОВАННЫХ ДАННЫХ: ТЕКСТОВЫЕ МАТЕРИАЛЫ, МОНОГРАФИЧЕСКИЕ
Кодированные данные о монографическом текстовом документе y z |||a|
200 1# - ЗАГЛАВИЕ И СВЕДЕНИЯ ОБ ОТВЕТСТВЕННОСТИ
Основное заглавие Грузинская лира
Сведения, относящиеся к заглавию Стихи
-- [Сборник]
Первые сведения об ответственности Пер. с груз. Василия Лаперашвили
210 ## - ПУБЛИКАЦИЯ, РАСПРОСТРАНЕНИЕ И ДР.
Место издания, распространения и т.д. Тбилиси
Имя издателя, распространителя и т. д. Мерани
Дата издания, распространения и т.д. 1978
215 ## - ФИЗИЧЕСКАЯ ХАРАКТЕРИСТИКА
Специфическое обозначение материала и объем 52 с.
Размеры 17
327 0# - ПРИМЕЧАНИЯ О СОДЕРЖАНИИ
Текст примечания Авт.: Н. Бараташвили, В. Пшавела, Р. Эристави, Г. Табидзе, Т. Табидзе, Г. Абашидзе, К. Каладзе, Р. Маргиани, Х. Берулава, Т. Джангулашвили, Н. Киласониа
464 #0 - АНАЛИТИЧЕСКИЙ УРОВЕНЬ
Встроенное поле 701#1$aБараташвили$bН. М.$f1817-1845$gНиколоз Мелитонович
-- 701#1$aПшавела$bВ.
-- 701#1$aЭристави$bР. Д.$f1824-1901$gРафаель Давидович
-- 701#1$aТабидзе$bГ.
-- 701#1$aТабидзе$bТ. Ю.$f1895-1937$gТициан Юстинович$3RU\NLR\AUTH\770210497
-- 701#1$aАбашидзе$bГ.
-- 701#1$aКаладзе$bК.
-- 701#1$aМаргиани$bР.
-- 701#1$aБерулава$bХ.
-- 701#1$aДжангулашвили$bТ.
-- 701#1$aКиласониа$bН.
702 #1 - ИМЯ ЛИЦА - ВТОРИЧНАЯ ОТВЕТСТВЕННОСТЬ
Начальный элемент ввода Лаперашвили
Часть имени, кроме начального элемента ввода В. А.
Расширение инициалов личного имени Василий Александрович
Код отношения Переводчик
801 #0 - ИСТОЧНИК ЗАПИСИ
Страна Российская Федерация
Организация NLR
Правила каталогизации psbo
801 #1 - ИСТОЧНИК ЗАПИСИ
Страна Российская Федерация
Организация ELAR
Источник данных rusmarc
852 ## - МЕСТОНАХОЖДЕНИЕ И ШИФР ХРАНЕНИЯ
Идентификатор организации NLR
Шифр хранения (Call Number) 78-2/2790
899 ## - ДАННЫЕ О МЕСТОНАХОЖДЕНИИ (устаревшее)
Местонахождение RuMoRGB
Шифр хранения Б 78-43/554
942 ## - ДОПОЛНИТЕЛЬНЫЕ ЭЛЕМЕНТЫ ЗАПИСИ (АБИС)
Тип экземпляра АБИС Книга
980 ## - КОЛЛЕКЦИЯ
Название коллекции Национальная библиография
Экземпляры
Тип экземпляра Дата поступления Библиотека постоянного хранения Библиотека текущего хранения Место хранения Шифр хранения Штрих-код Статус экземпляра
Книга 26.10.2013 РНБ (Московский) РНБ (Московский) Русский книжный фонд: издания с 1957 года 78-2/2790 6625930-20